<?xml version="1.0" encoding="UTF-8"?>
<record
    xmlns:xsi="http://www.w3.org/2001/XMLSchema-instance"
    xsi:schemaLocation="http://www.loc.gov/MARC21/slim http://www.loc.gov/standards/marcxml/schema/MARC21slim.xsd"
    xmlns="http://www.loc.gov/MARC21/slim">

  <leader>01431nam a2200253Ia 4500</leader>
  <controlfield tag="001">18545</controlfield>
  <controlfield tag="003">GE_BSU</controlfield>
  <controlfield tag="008">181216s||||||||xx |||||||||||||| ||und||</controlfield>
  <datafield tag="020" ind1=" " ind2=" ">
    <subfield code="a">9789941462269</subfield>
  </datafield>
  <datafield tag="040" ind1=" " ind2=" ">
    <subfield code="c">GE_BSU</subfield>
  </datafield>
  <datafield tag="080" ind1=" " ind2=" ">
    <subfield code="a">811.353.31'282</subfield>
  </datafield>
  <datafield tag="100" ind1=" " ind2=" ">
    <subfield code="a">&#x10DC;&#x10D0;&#x10E0;&#x10D0;&#x10D9;&#x10D8;&#x10EB;&#x10D4;,&#x10EA;&#x10D8;&#x10D0;&#x10DA;&#x10D0;</subfield>
  </datafield>
  <datafield tag="245" ind1=" " ind2=" ">
    <subfield code="a">&#x10DA;&#x10D0;&#x10D6;&#x10E3;&#x10E0;&#x10D8; &#x10E2;&#x10D4;&#x10E5;&#x10E1;&#x10E2;&#x10D4;&#x10D1;&#x10D8;:&#x10E4;&#x10DD;&#x10DA;&#x10D9;&#x10DA;&#x10DD;&#x10E0;&#x10E3;&#x10DA;&#x10D8; &#x10DB;&#x10D0;&#x10E1;&#x10D0;&#x10DA;&#x10D4;&#x10D1;&#x10D8;</subfield>
  </datafield>
  <datafield tag="245" ind1=" " ind2=" ">
    <subfield code="c">&#x10E0;&#x10D4;&#x10D3;:&#x10D7;&#x10D8;&#x10DC;&#x10D0; &#x10E8;&#x10D8;&#x10DD;&#x10E8;&#x10D5;&#x10D8;&#x10DA;&#x10D8;</subfield>
  </datafield>
  <datafield tag="250" ind1=" " ind2=" ">
    <subfield code="a">&#x10D1;&#x10D0;&#x10D7;&#x10E3;&#x10DB;&#x10D8;&#x10E1; &#x10E8;&#x10DD;&#x10D7;&#x10D0; &#x10E0;&#x10E3;&#x10E1;&#x10D7;&#x10D0;&#x10D5;&#x10D4;&#x10DA;&#x10D8;&#x10E1; &#x10E1;&#x10D0;&#x10EE;.&#x10E3;&#x10DC;-&#x10E2;&#x10D8;, &#x10DC;&#x10D8;&#x10D9;&#x10DD; &#x10D1;&#x10D4;&#x10E0;&#x10EB;&#x10D4;&#x10DC;&#x10D8;&#x10E8;&#x10D5;&#x10D8;&#x10DA;&#x10D8;&#x10E1; &#x10D8;&#x10DC;-&#x10E2;&#x10D8;.</subfield>
  </datafield>
  <datafield tag="260" ind1=" " ind2=" ">
    <subfield code="a">&#x10D1;&#x10D0;&#x10D7;&#x10E3;&#x10DB;&#x10D8;.</subfield>
  </datafield>
  <datafield tag="260" ind1=" " ind2=" ">
    <subfield code="b">&#x10E8;&#x10DD;&#x10D7;&#x10D0; &#x10E0;&#x10E3;&#x10E1;&#x10D7;&#x10D0;&#x10D5;&#x10D4;&#x10DA;&#x10D8;&#x10E1; &#x10E3;&#x10DC;&#x10D8;&#x10E2;&#x10D8;&#x10E1; &#x10D2;&#x10D0;&#x10DB;-&#x10D1;&#x10D0;</subfield>
  </datafield>
  <datafield tag="260" ind1=" " ind2=" ">
    <subfield code="c">2015</subfield>
  </datafield>
  <datafield tag="300" ind1=" " ind2=" ">
    <subfield code="a">249&#x10D2;&#x10D5;;19&#x10E1;&#x10DB;.</subfield>
  </datafield>
  <datafield tag="541" ind1=" " ind2=" ">
    <subfield code="h">7&#x10DA;.</subfield>
  </datafield>
  <datafield tag="653" ind1=" " ind2=" ">
    <subfield code="a">&#x10DA;&#x10D0;&#x10D6;&#x10E3;&#x10E0;&#x10D8; &#x10E2;&#x10D4;&#x10E5;&#x10E1;&#x10E2;&#x10D4;&#x10D1;&#x10D8;:&#x10E4;&#x10DD;&#x10DA;&#x10D9;&#x10DA;&#x10DD;&#x10E0;&#x10E3;&#x10DA;&#x10D8; &#x10DB;&#x10D0;&#x10E1;&#x10D0;&#x10DA;&#x10D4;&#x10D1;&#x10D8;</subfield>
  </datafield>
  <datafield tag="653" ind1=" " ind2=" ">
    <subfield code="a">&#x10EC;&#x10D8;&#x10D2;&#x10DC;&#x10E8;&#x10D8; &#x10EC;&#x10D0;&#x10E0;&#x10DB;&#x10DD;&#x10D3;&#x10D2;&#x10D4;&#x10DC;&#x10D8;&#x10DA;&#x10D8;&#x10D0; &#x10DA;&#x10D0;&#x10D6;&#x10E3;&#x10E0;&#x10D8; &#x10D6;&#x10D4;&#x10DE;&#x10D8;&#x10E0;&#x10E1;&#x10D8;&#x10E2;&#x10E7;&#x10D5;&#x10D8;&#x10D4;&#x10E0;&#x10D4;&#x10D1;&#x10D8;&#x10E1; &#x10DC;&#x10D8;&#x10DB;&#x10E3;&#x10E8;&#x10D4;&#x10D1;&#x10D8;.&#x10E2;&#x10D4;&#x10E5;&#x10E1;&#x10E2;&#x10D8; &#x10DD;&#x10E0; &#x10DC;&#x10D0;&#x10EC;&#x10D8;&#x10DA;&#x10D0;&#x10D3; &#x10D0;&#x10E0;&#x10D8;&#x10E1; &#x10D2;&#x10D0;&#x10E7;&#x10DD;&#x10E4;&#x10D8;&#x10DA;&#x10D8;.&#x10DE;&#x10D8;&#x10E0;&#x10D5;&#x10D4;&#x10DA; &#x10DC;&#x10D0;&#x10EC;&#x10D8;&#x10DA;&#x10E8;&#x10D8; &#x10D0;&#x10E0;&#x10D8;&#x10E1; &#x10DA;&#x10D4;&#x10E5;&#x10E1;&#x10D4;&#x10D1;&#x10D8;,&#x10D0;&#x10DC;&#x10D3;&#x10D0;&#x10D6;&#x10D4;&#x10D1;&#x10D8; &#x10D3;&#x10D0; &#x10D2;&#x10D0;&#x10DB;&#x10DD;&#x10EA;&#x10D0;&#x10DC;&#x10D4;&#x10D1;&#x10D8;.&#x10DB;&#x10D4;&#x10DD;&#x10E0;&#x10D4;&#x10E8;&#x10D8; &#x10D6;&#x10E6;&#x10D0;&#x10DE;&#x10E0;&#x10D4;&#x10D1;&#x10D8;.</subfield>
  </datafield>
  <datafield tag="942" ind1=" " ind2=" ">
    <subfield code="c">BK</subfield>
  </datafield>
  <datafield tag="999" ind1=" " ind2=" ">
    <subfield code="c">51554</subfield>
    <subfield code="d">51554</subfield>
  </datafield>
  <datafield tag="952" ind1=" " ind2=" ">
    <subfield code="0">0</subfield>
    <subfield code="1">0</subfield>
    <subfield code="4">0</subfield>
    <subfield code="7">0</subfield>
    <subfield code="9">71593</subfield>
    <subfield code="d">2018-12-17</subfield>
    <subfield code="p">47952</subfield>
    <subfield code="r">2018-12-17</subfield>
    <subfield code="w">2018-12-17</subfield>
    <subfield code="y">BK</subfield>
  </datafield>
  <datafield tag="952" ind1=" " ind2=" ">
    <subfield code="0">0</subfield>
    <subfield code="1">0</subfield>
    <subfield code="4">0</subfield>
    <subfield code="7">0</subfield>
    <subfield code="9">71594</subfield>
    <subfield code="d">2018-12-17</subfield>
    <subfield code="p">47953</subfield>
    <subfield code="r">2018-12-17</subfield>
    <subfield code="w">2018-12-17</subfield>
    <subfield code="y">BK</subfield>
  </datafield>
  <datafield tag="952" ind1=" " ind2=" ">
    <subfield code="0">0</subfield>
    <subfield code="1">0</subfield>
    <subfield code="4">0</subfield>
    <subfield code="7">0</subfield>
    <subfield code="9">71595</subfield>
    <subfield code="d">2018-12-17</subfield>
    <subfield code="p">47954</subfield>
    <subfield code="r">2018-12-17</subfield>
    <subfield code="w">2018-12-17</subfield>
    <subfield code="y">BK</subfield>
  </datafield>
  <datafield tag="952" ind1=" " ind2=" ">
    <subfield code="0">0</subfield>
    <subfield code="1">0</subfield>
    <subfield code="4">0</subfield>
    <subfield code="7">0</subfield>
    <subfield code="9">71596</subfield>
    <subfield code="d">2018-12-17</subfield>
    <subfield code="p">47955</subfield>
    <subfield code="r">2018-12-17</subfield>
    <subfield code="w">2018-12-17</subfield>
    <subfield code="y">BK</subfield>
  </datafield>
  <datafield tag="952" ind1=" " ind2=" ">
    <subfield code="0">0</subfield>
    <subfield code="1">0</subfield>
    <subfield code="4">0</subfield>
    <subfield code="7">0</subfield>
    <subfield code="9">71597</subfield>
    <subfield code="d">2018-12-17</subfield>
    <subfield code="p">47956</subfield>
    <subfield code="r">2018-12-17</subfield>
    <subfield code="w">2018-12-17</subfield>
    <subfield code="y">BK</subfield>
  </datafield>
</record>
